Le roman : Initiation aux méthodes et aux techniques d’analyse littéraire (notice n° 2027407)
[ vue normale ]
| 000 -LEADER | |
|---|---|
| fixed length control field | 01061cam a2200133 4500500 |
| 005 - DATE AND TIME OF LATEST TRANSACTION | |
| control field | 20260329082221.0 |
| 041 ## - LANGUAGE CODE | |
| Language code of text/sound track or separate title | fre |
| 042 ## - AUTHENTICATION CODE | |
| Authentication code | dc |
| 100 10 - MAIN ENTRY--PERSONAL NAME | |
| Personal name | Valette, Bernard |
| Relator term | author |
| 245 00 - TITLE STATEMENT | |
| Title | Le roman : Initiation aux méthodes et aux techniques d’analyse littéraire |
| 260 ## - PUBLICATION, DISTRIBUTION, ETC. | |
| Name of publisher, distributor, etc. | Armand Colin,<br/> |
| Date of publication, distribution, etc. | 2011.<br/> |
| 520 ## - SUMMARY, ETC. | |
| Summary, etc. | Cet ouvrage présente les méthodes et techniques d'analyse du genre romanesque. Tout en rappelant les acquis de l'histoire littéraire, des approches thématiques et du structuralisme, il facilité l'initiation aux principales théories qui permettent actuellement d'étudier le vaste domaine de la fiction. Les modèles issus de la linguistique, de la pragmatique et de la sémiotique sont tout à tour abordés. Pour leur part, la poétique et la narratologie ouvrent à la recherche de multiples perspectives. Bernard Valette est agrégé de lettres modernes, docteur en littérature française et chargé de cours à Paris-VII. |
| 856 41 - ELECTRONIC LOCATION AND ACCESS | |
| Uniform Resource Identifier | <a href="https://shs.cairn.info/le-roman--9782200259327?lang=fr&redirect-ssocas=7080">https://shs.cairn.info/le-roman--9782200259327?lang=fr&redirect-ssocas=7080</a> |
Pas d'exemplaire disponible.




Réseaux sociaux